00826cam a2200229 a 450000100060000000300080000600500170001400800390003103500190007004000320008904100080012108200290012924500740015825000120023226000900024430000480033450000710038265000380045371000350049171000260052674000440055225327BD-RjUL20211209050849.0140318s1983 cc af 000 0 eng a(BD-RjUL)25396 aDLCcDLCdDLCdBD-RjULbeng aeng00a951.050922219bWHE 198300aWhen they were young /cedited by Women of China and New World Press. a1st ed. aBeijing, China :bNew World Press :bDistributed by China Publications Centre,c1983. a198 p., [32] p. of plates :bill. ;c19 cm. aChinese title in colophon: Tang tʻa men nien chʻing ti shih hou. 0aWomenxPolitical activityzChina.2 aHsin shih chieh chʻu pan she.2 aWomen of China (Firm)0 aTang tʻa men nien chʻing ti shih hou.